1331 1873 1393 1507 1731 1475 1574 1965 1194 1599 1226 1893 1658 1774 1459 1761 1284 2000 1093 1613 1752 1635 1635 1596 1008 1752 1872 1328 1441 1205 1080 1690 1600 1040 1195 1518 1741 1272 1751 1206 1063 1994 1603 1464 1422 1943 1634 1867 1321 1927 1561 1464 1597 1678 1605 1106 1842 1604 1421 1488 1736 1346 1063 1604 1120 1902 1976 1984 1102 1920 1546 1375 1126 1833 1046 1390 1751 1153 1950 1198 1288 1752 1465 1836 1398 1274 1782 1332 1629 1454 1485 1458 1581 1048 1368 1601 1347 1920 1088 BCNSPRNW ULIB Ver.6.0+V

เปลี่ยนเป็นภาษาไทย

Change to English
 แสดงรายละเอียดบรรณานุกรม
  กลับหน้าหลัก

Brief Record : Get Marc (ISO 2709) : E-mail record : QR code < ปิดหน้าต่าง
LEADER : 00000nam 2200000uu 4500
001    13399127355
003     ULIB
008    200512s||||||||th 000 0 tha d
020    ^a9781496389589
060 04 ^aWM34^bS126k
100 1  ^aSadock, Benjamin J.,^d1933-
245 10 ^aKaplan & Sadock s pocket handbook of psychiatric drugtreatment /^cBenjamin J. Sadock, Virginia A. Sadock,Norman Sussman
246 30 ^aKaplan and Sadock s pocket handbook of psychiatric drugtreatment
246 30 ^aPocket handbook of psychiatric drug treatment
246 30 ^aPsychiatric drug treatment
250    ^a4th ed.
260    ^aPhiladelphia :^bWolters Kluwer,^c2019
300    ^axx, 315 p. :^bill. ;^c21 cm.
504    ^aIncludes bibliographical references and index
650  2 ^aMental Disorders^xdrug therapy^vhandbooks
650  2 ^aPsychotropic Drugs^xtherapeutic use^vhandbooks
700 1  ^aSadock, Virginia A.
700 1  ^aSussman, Norman
945    ^p3370^l0^i007028
999    ^aประนอม เกษจรัล
รายการนี้ยังไม่มีแท็ก
คุณยังไม่ได้ล็อกอิน คุณสามารถมีกิจกรรมร่วมกับเว็บไซต์ได้ แต่ต้องล็อกอินก่อน ::
  ล็อกอิน

รายการสื่อสารสนเทศ

ลำดับที่ ประเภท เลขเรียก/บาร์โค้ด สถานที่ สถานะ
1. วิทยาศาสตร์การแพทย์ และสุขภาพ
หนังสือสำรอง
สถานะ=หนังสือสำรอง
WM34 S126k ฉ.1 
  Barcode: 007028
ห้องสมุดวิทยาเขตสวรรค์ประชารักษ์
►หนังสือทั่วไป
บนชั้น

BibComment


ยังไม่เคยถูกคอมเมนท์

คอมเมนท์ทรัพยากรรายการนี้
  คอมเมนท์: Kaplan Sadock s..


 Copyright 2026. Bcnsprnw @Library